| 000 | 00378nam a2200145Ia 4500 | ||
|---|---|---|---|
| 008 | 230312s9999||||xx |||||||||||||| ||und|| | ||
| 020 | _a1-586264610 | ||
| 082 |
_a618.1750654 _bGLE-N |
||
| 100 | _aGlenville;Marilyn | ||
| 245 | 0 | _aNew Natural Alternatives to HRT | |
| 260 |
_bKyle Cathie _aLondon _c2004 |
||
| 300 | _a231 | ||
| 650 |
_aFood Science _vFood Industry |
||
| 942 | _cBK | ||
| 999 |
_c14294 _d14294 |
||